01041 2200313 4500001002100000005001500021035002000036007000300056008004100059020003900100020003000139082001500169084001700184100004300201245013900244250000900383300003900392650005300431504003400484264003500518336002100553337003000574338002300604040002200627090002200649850001200671999002200683990002200705INLIS00000000090167320260120110407 a0010-0126000606ta260120s2025 yoia g ind d a978-623-314-680-7 (no.jil.lengkap) a978-623-314-683-8 (Jil.3)04223a230.07 a230.07 JAN p0 aJanse Belandina Non SerranoePengarang10aPendidikan agama Kristen budi pekerti kelas XII :btanggung jawab sebagai warga gereja dan warga negara /cJanse Belandina Non Serrano a2025 axx, 183 halaman :bgambar ;c25 cm 4aPendidikan agama Kristen--xStudi dan pengajaran aBibliografi : halaman 179-18231aYogyakarta :bPBMR Andi,c2025 2rdacontentateks 2rdamediaatanpa perantara 2rdacarrieravolume aYOPDYOGbinderda aCB-D.11 2025-4328 aYOPDYOG aCB-D.11/2025-4328 aCB-D.11/2025-4328